File Structures with ADA
Gespeichert in:
| Hauptverfasser: | , |
|---|---|
| Format: | Buch |
| Sprache: | Englisch |
| Veröffentlicht: |
San Francisco
The Benjamin Cummings Publishing Company
1989
|
| Schriftenreihe: | Cummings Series in Computer Science
|
| Schlagworte: | |
| Tags: |
Tag hinzufügen
Keine Tags, Fügen Sie den ersten Tag hinzu!
|
MARC
| LEADER | 00000nam a2200000 a 4500 | ||
|---|---|---|---|
| 001 | UCP0115 | ||
| 003 | CL-VaPUC | ||
| 008 | 990128e19890000US |||||||||||||||||eng|d | ||
| 082 | 0 | 4 | |a 005.74 |b MIL |2 21 |
| 100 | |a Miller, Nancy E. |e autora |9 425114 | ||
| 700 | 0 | |a Petersen, Charles G |e author |9 425115 | |
| 245 | 1 | 0 | |a File Structures with ADA |
| 300 | |a 444 p | ||
| 942 | |c BK | ||
| 945 | |d 19990128 00:00:00 |a aarredon | ||
| 260 | |a San Francisco |b The Benjamin Cummings Publishing Company |c 1989 | ||
| 650 | 0 | |a Bases de datos |9 260577 | |
| 650 | 0 | |a Administración de bases de datos |9 260338 | |
| 650 | 7 | |a ORGANIZACION DE ARCHIVOS |2 CL-VaPUC |9 262420 | |
| 650 | 0 | |a Archivos |9 322428 | |
| 583 | |a last modification |c 20130317 12:21:17 |k Rodrigo Vera | ||
| 490 | 0 | |a Cummings Series in Computer Science | |
| 999 | |c 279000 |d 278998 | ||
| 952 | |0 0 |1 0 |4 0 |6 005_740000000000000_MIL_1989 |7 0 |8 A |9 317851 |a BIBING |b BIBING |d 2019-11-20 |i 3496929 |o 005.74 MIL 1989 |p 3496929 |r 2025-01-20 |w 2019-11-20 |y BK |k EII | ||